[Event "21st ch-EUR Indiv w 2021"]
[Site "Iasi ROU"]
[Date "2021.08.19"]
[Round "10.43"]
[White "Katkov, Michelle"]
[Black "Koubova, Anna Marie"]
[Result "0-1"]
[WhiteTitle "WFM"]
[WhiteElo "2173"]
[BlackElo "2073"]
[WhiteFideId "2816393"]
[BlackFideId "381470"]
[EventDate "2021.08.09"]

1. e4 e6 2. d4 d5 3. Nd2 c5 4. exd5 Qxd5 5. Ngf3 cxd4 6. Bc4 Qd6 7. O-O Nf6 8.
Nb3 Nc6 9. Nbxd4 Nxd4 10. Nxd4 Be7 11. Nb5 Qc6 12. Qe2 a6 13. Re1 O-O 14. Nd4
Qc7 15. Bd3 b5 16. a4 b4 17. Bg5 Ra7 18. Rac1 h6 19. Bh4 Bb7 20. Nf5 exf5 21.
Qxe7 Qxe7 22. Rxe7 g5 23. Bxf5 gxh4 24. Rd1 Re8 25. Rxe8+ Nxe8 26. Rd7 Nf6 27.
Rc7 Nd5 28. Rd7 Kf8 29. Be4 Ke8 30. Rxb7 Rxb7 31. Bxd5 Rc7 32. Be4 f5 33. Bd3 b3
34. cxb3 Rc1+ 35. Bf1 a5 36. h3 Ke7 37. g3 hxg3 38. fxg3 Rb1 39. g4 Kf6 40. gxf5
Kxf5 41. Kg2 Kf4 42. Bc4 Rxb2+ 43. Kf1 Ke3 44. Kg1 Kd4 45. h4 Kc3 46. Kf1 Rxb3
47. Bb5 Rb2 48. h5 Ra2 49. Ke1 Kb4 50. Kd1 Rh2 51. Be8 Kc3 52. Bg6 Rh4 53. Be8
Rd4+ 54. Kc1 Re4 0-1

[Event "21st ch-EUR Indiv w 2021"]
[Site "Iasi ROU"]
[Date "2021.08.19"]
[Round "10.44"]
[White "Belenkaya, Dina"]
[Black "Babayeva, Nasrin"]
[Result "1-0"]
[WhiteTitle "WGM"]
[WhiteElo "2350"]
[BlackElo "1889"]
[WhiteFideId "24142654"]
[BlackFideId "13416626"]
[EventDate "2021.08.09"]

1. e4 e5 2. Nf3 Nf6 3. Nxe5 d6 4. Nf3 Nxe4 5. Bd3 Nf6 6. h3 Be7 7. O-O O-O 8. c3
Nbd7 9. Bc2 Re8 10. d4 b6 11. Nbd2 Bb7 12. b4 c5 13. bxc5 dxc5 14. Re1 cxd4 15.
cxd4 Nd5 16. Nc4 Rc8 17. Bb3 b5 18. Ne3 Nc3 19. Qd3 Be4 20. Qf1 Bxf3 21. gxf3
Qb6 22. Bd2 Bb4 23. Qg2 Qxd4 24. Nf5 Qf6 25. Nh6+ Kf8 26. Bg5 Ne2+ 27. Kh1 Qc3
28. Red1 gxh6 29. Bxh6+ Ke7 30. Qg4 Nf6 31. Bg5 h5 32. Qd7+ 1-0

[Event "21st ch-EUR Indiv w 2021"]
[Site "Iasi ROU"]
[Date "2021.08.19"]
[Round "10.45"]
[White "Nilssen, Ellen Fredericia"]
[Black "Krasteva, Beloslava"]
[Result "1/2-1/2"]
[WhiteTitle "WFM"]
[BlackTitle "FM"]
[WhiteElo "2081"]
[BlackElo "2243"]
[WhiteFideId "1441230"]
[BlackFideId "2922029"]
[EventDate "2021.08.09"]

1. Nf3 c5 2. c4 Nc6 3. Nc3 g6 4. e3 Nf6 5. d4 cxd4 6. exd4 d5 7. cxd5 Nxd5 8.
Bc4 Nxc3 9. Qb3 Nd5 10. Bxd5 e6 11. Bxc6+ bxc6 12. O-O Qd5 13. Be3 Be7 14. Rfc1
f6 15. Nd2 Kf7 16. f3 g5 17. Rc3 h5 18. Rac1 Bd7 19. Qxd5 cxd5 20. Rc7 Rhc8 21.
Nb3 Ke8 22. Bd2 Bd6 23. Rxc8+ Bxc8 24. Ba5 Kd7 25. Nc5+ Ke8 26. Nd3 Bd7 27. Bb4
Bxb4 28. Nxb4 Rc8 29. Rxc8+ Bxc8 30. Kf2 Kd7 31. Ke3 Kd6 32. g3 1/2-1/2

[Event "21st ch-EUR Indiv w 2021"]
[Site "Iasi ROU"]
[Date "2021.08.19"]
[Round "10.46"]
[White "Nastase, Andreea-Cristina"]
[Black "Cosman, Andreea-Marioara"]
[Result "1/2-1/2"]
[WhiteTitle "WFM"]
[BlackTitle "WFM"]
[WhiteElo "2074"]
[BlackElo "2143"]
[WhiteFideId "1221183"]
[BlackFideId "1217968"]
[EventDate "2021.08.09"]

1. d4 Nf6 2. c4 c5 3. d5 e6 4. Nc3 exd5 5. cxd5 d6 6. e4 g6 7. Bd3 Bg7 8. h3 O-O
9. Nf3 Nh5 10. O-O Nd7 11. Bg5 Bf6 12. Bh6 Bg7 13. Bg5 Bf6 14. Bh6 Bg7 15. Qd2
Qe7 16. Bg5 Bf6 17. Bh6 Bg7 18. Bg5 Bf6 19. Bh6 Bg7 20. a4 a6 21. Bg5 Bf6 22.
Bh6 Bg7 23. Bg5 Bf6 24. Bh6 Bg7 25. Rfe1 Re8 26. Bg5 Bf6 27. Bh6 Bg7 28. Bg5 Bf6
29. Bh6 Bg7 30. Bg5 Bf6 31. Bh6 Bg7 1/2-1/2

[Event "21st ch-EUR Indiv w 2021"]
[Site "Iasi ROU"]
[Date "2021.08.19"]
[Round "10.47"]
[White "Petrenko, Svetlana"]
[Black "Froewis, Annika"]
[Result "0-1"]
[WhiteTitle "IM"]
[BlackTitle "WFM"]
[WhiteElo "2018"]
[BlackElo "2107"]
[WhiteFideId "13900196"]
[BlackFideId "1621432"]
[EventDate "2021.08.09"]

1. c4 e6 2. g3 d5 3. Bg2 Nf6 4. Nf3 dxc4 5. Qa4+ c6 6. Qxc4 b5 7. Qc2 Bb7 8. d4
Nbd7 9. Nc3 Qb6 10. a4 b4 11. a5 Qa6 12. Nd1 c5 13. O-O Rc8 14. Qd2 Be7 15. b3
O-O 16. Bb2 Rfd8 17. Ne3 Ne4 18. Qd3 Qxd3 19. exd3 Nc3 20. Bxc3 bxc3 21. Nc2
Bxf3 22. Bxf3 cxd4 23. b4 Ne5 24. Be2 Rb8 25. Rfb1 Rb5 26. Ra4 g5 27. h3 f5 28.
Kg2 Kg7 29. Na3 Rb7 30. b5 Bxa3 31. Rxa3 c2 32. Rc1 Rc8 33. Rb3 Rc5 34. a6 Rb6
35. Rb2 Kg6 36. Rcxc2 Rcxb5 37. Rxb5 Rxb5 38. Rc7 Rb2 39. Bf1 Rd2 40. Rxa7 Nxd3
41. Bxd3 Rxd3 42. Re7 Kf6 43. Rxh7 Ra3 44. Rd7 e5 45. a7 Ke6 46. Rb7 e4 47. Kf1
f4 48. Rb6+ Kd5 49. gxf4 gxf4 50. Rb7 f3 51. Kg1 e3 52. Rd7+ Kc4 53. fxe3 dxe3
54. Kh2 e2 0-1

[Event "21st ch-EUR Indiv w 2021"]
[Site "Iasi ROU"]
[Date "2021.08.19"]
[Round "10.48"]
[White "Mikheeva, Galina"]
[Black "Sankova, Stella"]
[Result "1-0"]
[WhiteTitle "WFM"]
[BlackTitle "WFM"]
[WhiteElo "1968"]
[BlackElo "2100"]
[WhiteFideId "44108320"]
[BlackFideId "14944200"]
[EventDate "2021.08.09"]

1. d4 d5 2. Bf4 c5 3. e3 Nc6 4. Nc3 cxd4 5. exd4 Bf5 6. Nf3 e6 7. a3 Rc8 8. Ne5
Bd6 9. Bb5 Ne7 10. O-O O-O 11. Re1 a6 12. Bxc6 bxc6 13. g4 Bg6 14. Na4 f6 15.
Nxg6 Nxg6 16. Bxd6 Qxd6 17. Nc5 Rce8 18. Kh1 f5 19. g5 f4 20. Qg4 e5 21. Nd7 Rf7
22. Nxe5 Nxe5 23. dxe5 Rxe5 24. Rxe5 Qxe5 25. f3 Rf8 26. c3 Qe3 27. Rf1 Kh8 28.
Qd7 Qd3 29. Kg2 Qg6 30. h4 h6 31. Qg4 Re8 32. gxh6 Qxh6 33. Kh3 Rf8 34. Re1 Rf6
35. Re5 Qg6 36. Rh5+ Kg8 37. Qc8+ Kf7 38. Qd7+ Kg8 39. Qd8+ Kf7 40. Rg5 Qh6 41.
Qd7+ Kg8 42. Kg4 Rf7 43. Qe8+ Rf8 44. Qe5 Rf6 45. Qe8+ Rf8 46. Qg6 Rf6 47. Qxh6
Rxh6 48. h5 Re6 49. Kxf4 Kf7 50. Rf5+ Kg8 51. Re5 Rf6+ 52. Kg4 Rd6 53. b4 Kh7
54. f4 g6 55. Kf3 gxh5 56. Rxh5+ Kg6 57. Re5 Kf6 58. Ke3 a5 59. Kd4 axb4 60.
cxb4 Rd8 61. a4 Ra8 62. a5 Rb8 63. Kc5 Rb5+ 64. Kxc6 Rxb4 65. Rxd5 Rxf4 66. a6
Ra4 67. Kb6 Ke6 68. Ra5 Rb4+ 69. Kc5 Rb8 70. a7 Ra8 71. Kc6 Rc8+ 72. Kb7 1-0

[Event "21st ch-EUR Indiv w 2021"]
[Site "Iasi ROU"]
[Date "2021.08.19"]
[Round "10.49"]
[White "Donghvani, Nia"]
[Black "Allahverdiyeva, Ayan"]
[Result "1/2-1/2"]
[BlackTitle "WFM"]
[WhiteElo "1902"]
[BlackElo "2095"]
[WhiteFideId "13614649"]
[BlackFideId "13412590"]
[EventDate "2021.08.09"]

1. c4 g6 2. Nc3 Bg7 3. d4 Nf6 4. e4 O-O 5. Nf3 d6 6. Be2 e5 7. Be3 Ng4 8. Bg5 f6
9. Bh4 c6 10. h3 Nh6 11. O-O exd4 12. Nxd4 a5 13. Qd2 a4 14. f4 a3 15. b3 Qa5
16. Rad1 f5 17. Bf2 Na6 18. exf5 gxf5 19. Na4 Qd8 20. Nc2 Nf7 21. Nxa3 Nc7 22.
Nb1 Ne6 23. Nb6 Rb8 24. Nxc8 Rxc8 25. Bh5 Qf6 26. Qe3 Nc5 27. Bxf7+ Qxf7 28. Qf3
Ne4 29. Bd4 Kh8 30. Nc3 Bxd4+ 31. Rxd4 Qg7 32. Rd3 Rce8 33. Nd1 Rg8 34. Kh2 Qa1
35. a4 Qa2 36. Rg1 Rg3 37. Qf1 Reg8 38. Rxg3 Rxg3 39. b4 Qd2 40. b5 c5 41. a5
Ra3 42. Qe1 Qxf4+ 43. g3 Qf3 44. Rg2 Ra1 45. Re2 Rxa5 46. Ne3 Kg8 47. Qxa5 Qxe2+
48. Ng2 Nd2 49. Qd8+ Kf7 50. Qd7+ Kg6 51. Qxd6+ Kh5 52. g4+ fxg4 53. Qxc5+ Kg6
54. Qd6+ Kg7 55. Qd7+ Kg6 56. Qd6+ Kg7 57. Qd7+ 1/2-1/2

[Event "21st ch-EUR Indiv w 2021"]
[Site "Iasi ROU"]
[Date "2021.08.19"]
[Round "10.50"]
[White "Schloffer, Jasmin-Denise"]
[Black "Levitan, Ronit"]
[Result "1/2-1/2"]
[WhiteTitle "WFM"]
[BlackTitle "WCM"]
[WhiteElo "2070"]
[BlackElo "2012"]
[WhiteFideId "1631209"]
[BlackFideId "2815109"]
[EventDate "2021.08.09"]

1. d4 Nf6 2. c4 e6 3. Nc3 Bb4 4. e3 O-O 5. Ne2 d5 6. a3 Be7 7. cxd5 exd5 8. Nf4
c6 9. Bd3 a5 10. O-O Na6 11. f3 Nc7 12. Bc2 Ne6 13. e4 dxe4 14. Nxe6 Bxe6 15.
fxe4 Bg4 16. Qd3 Bh5 17. Bf4 Bg6 18. Rad1 Qd7 19. Qd2 Rad8 20. Kh1 Rfe8 21. e5
Bxc2 22. Qxc2 Nd5 23. Qf2 f6 24. Ne4 Nxf4 25. exf6 Bd6 26. Nxd6 Qxd6 27. Qxf4
Qxf4 28. Rxf4 gxf6 29. Rxf6 Rxd4 30. Rdf1 Rd2 31. R6f5 b5 32. Rc5 Re6 33. b4
axb4 34. axb4 Rf6 35. Kg1 Rxf1+ 36. Kxf1 Rb2 37. Rxc6 Rxb4 38. Kf2 Rd4 39. Rb6
b4 40. Rb7 Rc4 1/2-1/2

[Event "21st ch-EUR Indiv w 2021"]
[Site "Iasi ROU"]
[Date "2021.08.19"]
[Round "10.51"]
[White "Tsirulnik, Maritsa"]
[Black "Pancu, Aureliana-Eugenia"]
[Result "1-0"]
[WhiteElo "2046"]
[BlackElo "1862"]
[WhiteFideId "14118688"]
[BlackFideId "1226355"]
[EventDate "2021.08.09"]

1. d4 Nf6 2. c4 g6 3. g3 Bg7 4. Bg2 c6 5. Nf3 O-O 6. O-O d5 7. b3 Bf5 8. Bb2 Qc8
9. Re1 Nbd7 10. Nbd2 Ne4 11. Rc1 Qd8 12. Nf1 Bh6 13. e3 Ndf6 14. Ne5 Bg7 15. f3
Nd6 16. g4 Be6 17. Nd2 Bc8 18. e4 e6 19. Nd3 dxe4 20. fxe4 Nd7 21. e5 Ne8 22.
Ba3 Nxe5 23. dxe5 Qxd3 24. Nf3 Qxd1 25. Rcxd1 Nc7 26. Bxf8 Kxf8 27. Nd4 Bd7 28.
Rd3 Ke8 29. g5 Na6 30. Rh3 Rd8 31. Rxh7 Kf8 32. Rh4 Kg8 33. Nf3 Be8 34. Rd4 Rxd4
35. Nxd4 Nb4 36. Nf3 Bf8 37. Rd1 Nxa2 38. Rd8 Bc5+ 39. Kf1 Kf8 40. Rb8 b5 41.
Nd2 Ke7 42. Ne4 Bb6 43. Nf6 Bd8 44. Nxe8 Kxe8 45. Bxc6+ Ke7 46. Rb7+ Kf8 47.
Rxa7 Nb4 48. Ra8 Nxc6 49. cxb5 Nxe5 50. Rxd8+ Ke7 51. Rd4 Nd7 52. Ke2 e5 53.
Rxd7+ Kxd7 54. Ke3 1-0

[Event "21st ch-EUR Indiv w 2021"]
[Site "Iasi ROU"]
[Date "2021.08.19"]
[Round "10.52"]
[White "Kostina, Veronika"]
[Black "Von Herman, Brigitte"]
[Result "1-0"]
[BlackTitle "WFM"]
[WhiteElo "1801"]
[BlackElo "1991"]
[WhiteFideId "34166235"]
[BlackFideId "4628730"]
[EventDate "2021.08.09"]

1. d4 Nf6 2. Nf3 e6 3. Nbd2 d5 4. e3 Bd6 5. b3 O-O 6. Bb2 Nbd7 7. Bd3 Re8 8. Ne5
Nf8 9. O-O N6d7 10. c4 c6 11. Qh5 Qe7 12. f4 f6 13. Nxd7 Bxd7 14. Nf3 Qf7 15.
Qh4 f5 16. Kh1 Be7 17. Qf2 Bf6 18. Rg1 Kh8 19. Ne5 Bxe5 20. dxe5 Qe7 21. g4 Red8
22. cxd5 cxd5 23. Bd4 g6 24. gxf5 gxf5 25. Bxf5 Be8 26. Qg3 Ng6 27. Bd3 Kg8 1-0

[Event "21st ch-EUR Indiv w 2021"]
[Site "Iasi ROU"]
[Date "2021.08.19"]
[Round "10.53"]
[White "Tamrazyan, Gohar"]
[Black "Babineca, Darja"]
[Result "1-0"]
[WhiteElo "1973"]
[BlackElo "1756"]
[WhiteFideId "1330799"]
[BlackFideId "1337440"]
[EventDate "2021.08.09"]

1. e4 c5 2. Nf3 d6 3. d4 cxd4 4. Qxd4 Nc6 5. Bb5 Bd7 6. Bxc6 Bxc6 7. Nc3 Nf6 8.
Qd3 g6 9. Be3 Bg7 10. O-O-O O-O 11. Nd4 Ng4 12. f3 Nxe3 13. Qxe3 Bd7 14. g4 b5
15. g5 b4 16. Nce2 Qb6 17. Qg1 a5 18. Nf5 Qb5 19. Nxe7+ Kh8 20. Nd4 Qc4 21. Kb1
a4 22. Nd5 Rfb8 23. h4 b3 24. cxb3 axb3 25. a3 Be6 26. Nf6 h5 27. Qe3 Ra4 28.
Qd3 Qc5 29. Nxe6 fxe6 30. Rh2 Qe5 31. Qxd6 Qb5 32. Qxe6 Rba8 33. Rhd2 R4a6 34.
Rd8+ Bf8 35. Qg8# 1-0

[Event "21st ch-EUR Indiv w 2021"]
[Site "Iasi ROU"]
[Date "2021.08.19"]
[Round "10.54"]
[White "Batagan, Ilinca-Petra"]
[Black "Paraschiv, Petronela-Alexandra"]
[Result "1-0"]
[WhiteElo "1846"]
[BlackElo "1979"]
[WhiteFideId "1261002"]
[BlackFideId "1233696"]
[EventDate "2021.08.09"]

1. d4 Nf6 2. c4 e6 3. Nf3 b6 4. g3 Bb7 5. Bg2 c6 6. O-O d5 7. Ne5 Be7 8. Nc3 O-O
9. e4 Bb4 10. exd5 cxd5 11. Bg5 Be7 12. Re1 Na6 13. Qa4 Nc7 14. Rac1 Re8 15. Re2
a6 16. Rec2 b5 17. cxb5 axb5 18. Qb3 b4 19. Ne2 Bd6 20. Nf4 Nb5 21. Qd3 Ba6 22.
Qd1 Be7 23. Nc6 Qd7 24. Nd3 h6 25. Nde5 Qb7 26. Bd2 Qb6 27. Nxe7+ Rxe7 28. Bxb4
Rc7 29. Rxc7 Nxc7 30. Qd2 Bb5 31. a3 Na6 32. Bc5 Nxc5 33. dxc5 Qc7 34. Qe3 Rd8
35. Qd4 Qa7 36. Bf1 Bxf1 37. Nc6 Qa6 38. Nxd8 Bc4 39. c6 Qc8 40. Qb6 Ne8 41. Nb7
e5 42. Qd8 Qxd8 43. Nxd8 Nc7 44. Nb7 Kf8 45. Nd6 Bb3 46. Rc3 Ba2 47. b4 d4 48.
Rc2 Bb3 49. Rb2 Ba4 50. b5 Ke7 51. Nc8+ Kd8 52. Na7 d3 53. b6 Na6 54. b7 Kc7 55.
b8=Q+ Nxb8 56. Rb7+ Kd6 57. Rxb8 Ke7 58. Rb7+ Ke6 59. c7 Bd7 60. c8=Q 1-0

[Event "21st ch-EUR Indiv w 2021"]
[Site "Iasi ROU"]
[Date "2021.08.19"]
[Round "10.55"]
[White "Trippold, Denise"]
[Black "Hercog, Nusa"]
[Result "1-0"]
[WhiteTitle "WFM"]
[BlackTitle "WFM"]
[WhiteElo "2098"]
[BlackElo "2000"]
[WhiteFideId "1625594"]
[BlackFideId "14614324"]
[EventDate "2021.08.09"]

1. d4 d5 2. c4 e6 3. Nf3 Nf6 4. g3 dxc4 5. Bg2 Bb4+ 6. Bd2 a5 7. Qc2 Bxd2+ 8.
Qxd2 c6 9. a4 Ne4 10. Qc1 Nd6 11. O-O Na6 12. Nbd2 Nb4 13. Ne5 O-O 14. Ndxc4 f6
15. Nf3 b6 16. Rd1 Ba6 17. b3 Rb8 18. e3 Qe7 19. Ne1 Rfc8 20. Nxd6 Qxd6 21. Qb2
Rb7 22. Nc2 Nxc2 23. Qxc2 Rbc7 24. Bh3 g6 25. Rac1 Kf7 26. e4 f5 27. Bg2 Bb7 28.
Qe2 Re7 29. Qe3 Kg7 30. h4 h6 31. Rd2 Kh7 32. h5 g5 33. Qd3 Rf7 34. Bh3 Rcf8 35.
Re1 Kh8 36. exf5 exf5 37. d5 cxd5 38. Bg2 Rd7 39. Rde2 Rf6 40. Re8+ Kg7 41. R1e5
Rdf7 42. Qd4 Bc6 43. R5e6 Qd7 44. Qe5 Kh7 45. Rxf6 Qxe8 46. Qxf5+ Kg8 47. Qg6+
Rg7 48. Bxd5+ Kh8 49. Qxh6+ 1-0

[Event "21st ch-EUR Indiv w 2021"]
[Site "Iasi ROU"]
[Date "2021.08.19"]
[Round "10.56"]
[White "Mirza, Diana"]
[Black "Trifoi, Mihaela-Ioana"]
[Result "1/2-1/2"]
[WhiteTitle "WFM"]
[WhiteElo "1933"]
[BlackElo "1807"]
[WhiteFideId "2503999"]
[BlackFideId "1246364"]
[EventDate "2021.08.09"]

1. e4 c6 2. d4 d5 3. e5 Bf5 4. Nc3 a6 5. g4 Bd7 6. Bg2 e6 7. Be3 Qc7 8. Nce2 c5
9. f4 cxd4 10. Nxd4 Nc6 11. Ngf3 Bb4+ 12. c3 Ba5 13. O-O Bb6 14. Rc1 Nge7 15. c4
Nxd4 16. Nxd4 dxc4 17. Qe2 Rc8 18. Qf2 Qb8 19. Nxe6 Bxe3 20. Nxg7+ Kf8 21. Qxe3
Kxg7 22. f5 Kf8 23. e6 Bc6 24. f6 Ng6 25. Qc5+ Kg8 26. exf7+ Kxf7 27. Qxc4+ Ke8
28. Be4 Qc7 29. f7+ Kf8 30. Qe6 Qd7 31. Rxc6 Qd4+ 32. Kh1 Rxc6 33. Bxc6 bxc6 34.
Qxc6 Qxg4 35. Re1 Kxf7 36. Qc7+ Kg8 37. Re8+ Nf8 38. Qd8 Qf3+ 39. Kg1 Qg4+ 40.
Kh1 Qf3+ 41. Kg1 Qg4+ 42. Kf2 Qf4+ 43. Kg2 Qg4+ 1/2-1/2

[Event "21st ch-EUR Indiv w 2021"]
[Site "Iasi ROU"]
[Date "2021.08.19"]
[Round "10.57"]
[White "Maria, Lia-Alexandra"]
[Black "Andries, Alexia"]
[Result "1-0"]
[WhiteTitle "WCM"]
[WhiteElo "1837"]
[BlackElo "1420"]
[WhiteFideId "1248952"]
[BlackFideId "1267272"]
[EventDate "2021.08.09"]

1. e4 c5 2. Nf3 a6 3. Nc3 e6 4. d4 cxd4 5. Nxd4 Qc7 6. Bd3 Nf6 7. O-O Be7 8. Re1
d6 9. a4 b6 10. h3 Bb7 11. f4 Nbd7 12. Nb3 Rc8 13. Qe2 Ra8 14. Be3 O-O 15. g4
Nc5 16. Nxc5 dxc5 17. g5 Nd7 18. Qg4 Rfe8 19. h4 c4 20. Bf1 Nc5 21. Bg2 Rad8 22.
h5 g6 23. Rad1 Rxd1 24. Rxd1 Rd8 25. Bd4 Bf8 26. hxg6 fxg6 27. Kh2 Bc8 28. Qh4
Bd6 29. e5 Bf8 30. Bxc5 Bxc5 31. Rxd8+ Qxd8 32. Ne4 Be7 33. Nf6+ Bxf6 34. gxf6
Qf8 35. Bc6 h5 36. Qg5 Kh7 37. Be4 Qf7 38. Qxh5+ Kg8 39. Bxg6 Qb7 40. f7+ 1-0

[Event "21st ch-EUR Indiv w 2021"]
[Site "Iasi ROU"]
[Date "2021.08.19"]
[Round "10.58"]
[White "Bashylina, Luisa"]
[Black "Pirvan, Maria"]
[Result "1-0"]
[WhiteTitle "WCM"]
[WhiteElo "1992"]
[BlackElo "1628"]
[WhiteFideId "12983292"]
[BlackFideId "1262629"]
[EventDate "2021.08.09"]

1. d4 Nf6 2. c4 e6 3. Nc3 Bb4 4. Qc2 O-O 5. a3 Bxc3+ 6. Qxc3 b6 7. Bg5 Bb7 8. e3
d6 9. Ne2 Nbd7 10. Qc2 c5 11. Nc3 cxd4 12. exd4 a6 13. f3 Rc8 14. Bd3 h6 15. Bh4
Qc7 16. Rc1 Qb8 17. O-O d5 18. Bg3 Qa8 19. b3 Rfd8 20. Rfd1 Nh5 21. Bd6 Nf8 22.
Be7 Rd7 23. Bxf8 Kxf8 24. Na4 Rd6 25. c5 bxc5 26. dxc5 Rdc6 27. Qd2 Qb8 28. Nb6
Rd8 29. b4 Qe5 30. b5 Rxb6 31. cxb6 axb5 32. Bxb5 d4 33. Bc6 Bxc6 34. Rxc6 Nf4
35. b7 1-0

[Event "21st ch-EUR Indiv w 2021"]
[Site "Iasi ROU"]
[Date "2021.08.20"]
[Round "11.2"]
[White "Osmak, Iulija"]
[Black "Khotenashvili, Bela"]
[Result "1/2-1/2"]
[WhiteTitle "IM"]
[BlackTitle "GM"]
[WhiteElo "2418"]
[BlackElo "2471"]
[WhiteFideId "14101602"]
[BlackFideId "13602640"]
[EventDate "2021.08.09"]

1. d4 f5 2. Nc3 Nf6 3. Bg5 d5 4. Bxf6 exf6 5. e3 Be6 6. Nge2 Bd6 7. Nf4 Bxf4 8.
exf4 c6 9. Qd2 Qd6 10. Bd3 Nd7 11. Ne2 Nb6 12. b3 Nc8 13. h4 a5 14. c4 dxc4 15.
bxc4 O-O 16. Rh3 Qd7 17. Re3 Nd6 18. Qc2 Rfe8 19. a4 g6 20. Rb1 Bf7 21. Rxe8+
Rxe8 22. Kf1 Re7 23. c5 Ne8 24. Qc3 Qd8 25. Rb6 Qa8 26. Qb2 h5 27. Qb1 Kh7 28.
Qb2 Ng7 29. Kg1 Ne6 30. d5 cxd5 31. Qxf6 Qe8 32. Bb5 Qd8 33. Rd6 Qc7 34. Rxd5
Nxc5 35. Re5 Rxe5 36. Qxe5 Qxe5 37. fxe5 Bb3 38. Nc3 f4 39. Kf1 g5 40. hxg5 Kg6
41. g3 Kxg5 42. Ke2 Kg4 43. Be8 Bc4+ 44. Kd2 h4 45. gxh4 Kxh4 46. Nb5 Ne4+ 47.
Ke1 Bxb5 48. Bxb5 Kg5 49. Bd3 Nc3 50. Bc2 b5 51. axb5 Nxb5 52. Kd2 Nd4 53. Be4
a4 54. Kc3 a3 55. Bd5 Ne2+ 56. Kb4 Nc1 57. Kxa3 Nd3 58. e6 Kf6 59. f3 Ne5 60.
Kb4 Nxf3 61. Bxf3 1/2-1/2

[Event "21st ch-EUR Indiv w 2021"]
[Site "Iasi ROU"]
[Date "2021.08.20"]
[Round "11.3"]
[White "Kiolbasa, Oliwia"]
[Black "Buksa, Nataliya"]
[Result "1/2-1/2"]
[WhiteTitle "WIM"]
[BlackTitle "IM"]
[WhiteElo "2288"]
[BlackElo "2413"]
[WhiteFideId "1154613"]
[BlackFideId "14123622"]
[EventDate "2021.08.09"]

1. e4 c5 2. Nf3 Nc6 3. d4 cxd4 4. Nxd4 e5 5. Nb5 d6 6. c4 Be7 7. N1c3 a6 8. Na3
f5 9. exf5 Bxf5 10. Bd3 Be6 11. O-O Nf6 12. Nc2 O-O 13. b3 Qd7 14. Bg5 Rae8 15.
Bxf6 gxf6 16. Be4 f5 17. Bd5 Bd8 18. Bxe6+ Qxe6 19. Qd5 Bb6 20. Rad1 Bd4 21.
Nxd4 Qxd5 22. Nxd5 Nxd4 23. Rfe1 Kf7 24. f4 Re6 25. Nc7 Re7 26. Nd5 Re6 27. Nc7
Re7 28. Nd5 Re6 29. Nc7 1/2-1/2

[Event "21st ch-EUR Indiv w 2021"]
[Site "Iasi ROU"]
[Date "2021.08.20"]
[Round "11.4"]
[White "Mammadova, Gulnar"]
[Black "Milliet, Sophie"]
[Result "1/2-1/2"]
[WhiteTitle "IM"]
[BlackTitle "IM"]
[WhiteElo "2385"]
[BlackElo "2403"]
[WhiteFideId "13403508"]
[BlackFideId "623725"]
[EventDate "2021.08.09"]

1. d4 Nf6 2. Nc3 d5 3. Bf4 e6 4. e3 Bb4 5. Ne2 O-O 6. h3 b6 7. a3 Bd6 8. Bxd6
Qxd6 9. Ng3 c5 10. Qd2 Ba6 11. Bxa6 Nxa6 12. Qe2 Nb8 13. O-O Nc6 14. Rad1 Rac8
15. Nh5 Nxh5 16. Qxh5 cxd4 17. exd4 Ne7 18. Rd3 Rc4 19. Qd1 Rfc8 20. Qb1 Qc6 21.
Nd1 Nf5 22. c3 Qd6 23. Ne3 Nxe3 24. Rxe3 b5 25. Qe1 a5 26. f4 g6 27. g4 b4 28.
axb4 axb4 29. f5 exf5 30. gxf5 bxc3 31. bxc3 1/2-1/2

[Event "21st ch-EUR Indiv w 2021"]
[Site "Iasi ROU"]
[Date "2021.08.20"]
[Round "11.5"]
[White "Mammadzada, Gunay"]
[Black "Garifullina, Leya"]
[Result "1/2-1/2"]
[WhiteTitle "IM"]
[BlackTitle "WGM"]
[WhiteElo "2460"]
[BlackElo "2385"]
[WhiteFideId "13403729"]
[BlackFideId "34127035"]
[EventDate "2021.08.09"]

1. d4 Nf6 2. c4 e6 3. g3 d5 4. Bg2 Be7 5. Nf3 O-O 6. O-O dxc4 7. Qc2 a6 8. a4 c5
9. dxc5 Bxc5 10. Qxc4 b6 11. Nc3 Bb7 12. Bg5 Nbd7 13. Rfd1 Qc8 14. Qh4 h6 15.
Bd2 Be7 16. Rac1 Qe8 17. Qc4 Nc5 18. b4 Nce4 19. Qc7 Nxc3 20. Bxc3 Bd5 21. Be1
Rc8 22. Qa7 Ra8 23. Qxb6 Qxa4 24. Ra1 Qc6 25. Qxc6 Bxc6 26. Nd4 Bxg2 27. Kxg2
Rfc8 28. Rdc1 Nd5 29. Nc6 Bf6 30. Rab1 Kh7 31. e4 Nc3 32. Bxc3 Rxc6 33. Bxf6
Rxc1 34. Rxc1 gxf6 1/2-1/2

[Event "21st ch-EUR Indiv w 2021"]
[Site "Iasi ROU"]
[Date "2021.08.20"]
[Round "11.6"]
[White "Injac, Teodora"]
[Black "Javakhishvili, Lela"]
[Result "1/2-1/2"]
[WhiteTitle "WGM"]
[BlackTitle "IM"]
[WhiteElo "2370"]
[BlackElo "2470"]
[WhiteFideId "932400"]
[BlackFideId "13601458"]
[EventDate "2021.08.09"]

1. d4 g6 2. Nf3 Bg7 3. g3 c5 4. c3 cxd4 5. cxd4 d5 6. Bg2 Nc6 7. Nc3 Bg4 8. h3
Bxf3 9. Bxf3 e6 10. e3 Nge7 11. O-O O-O 12. Bg2 Rc8 13. Bd2 Nf5 14. Qe2 Nd6 15.
Rfc1 Qd7 16. Be1 Rc7 17. Nb5 Nxb5 18. Qxb5 Rfc8 19. Bd2 Bf8 20. a3 Bd6 21. Qd3
f5 22. Rc2 Ne7 23. Rac1 Rxc2 24. Rxc2 Rxc2 25. Qxc2 Kf7 26. Bf1 Ng8 27. a4 Nf6
28. Ba5 b6 29. Be1 g5 30. Bb5 Qe7 31. g4 f4 32. Bd3 Kg7 33. exf4 Bxf4 34. Bc3
Qe8 35. Qe2 Qc6 36. Bb5 Qd6 37. Bd3 Qc6 38. Bb5 Qd6 39. Bd3 Qc6 40. Bb5 1/2-1/2

[Event "21st ch-EUR Indiv w 2021"]
[Site "Iasi ROU"]
[Date "2021.08.20"]
[Round "11.7"]
[White "Arabidze, Meri"]
[Black "Sandu, Mihaela"]
[Result "1-0"]
[WhiteTitle "IM"]
[BlackTitle "WGM"]
[WhiteElo "2438"]
[BlackElo "2263"]
[WhiteFideId "13604040"]
[BlackFideId "1204327"]
[EventDate "2021.08.09"]

1. d4 g6 2. c4 Bg7 3. Nf3 d6 4. g3 Nf6 5. Bg2 O-O 6. O-O Nc6 7. Nc3 a6 8. h3 Re8
9. e4 e5 10. dxe5 dxe5 11. Be3 h6 12. Qc1 Kh7 13. Rd1 Bd7 14. Rb1 Qc8 15. Kh2
Be6 16. c5 a5 17. b3 Rd8 18. Rxd8 Qxd8 19. Qf1 Nb4 20. Qe2 Nd7 21. a3 Nc6 22.
Nb5 Qc8 23. Qc2 Nf6 24. Rc1 Qd7 25. Rd1 Qe7 26. Kg1 Ne8 27. Nc3 f5 28. exf5 gxf5
29. Nh4 Qf7 30. Bd5 e4 31. Bxe6 Qxe6 32. Nd5 Rd8 33. Nf4 Qf6 34. Rxd8 Nxd8 35.
Qc4 Qc3 36. Qd5 Qf6 37. Nxf5 Nf7 38. Nxg7 Nxg7 39. Qxe4+ Kg8 40. Qxb7 Nf5 41.
Qc8+ Kh7 42. Qe6 1-0